Statistics for Biggest Cities in Indonesia Quiz

Click here to take the quiz!

General Stats

  • This quiz has been taken 28 times
  • The average score is 10 of 20

Answer Stats

PopulationIslandCity% Correct
8,540,121JavaJakarta
100%
2,374,658JavaSurabaya
86%
1,699,719JavaBandung
82%
834,881BaliDenpasar
82%
1,750,971SumatraMedan
73%
1,321,717SulawesiMakassar
68%
1,288,084JavaSemarang
64%
1,441,500SumatraPalembang
59%
636,660JavaYogyakarta
50%
1,164,352BatamBatam
45%
1,520,119JavaBekasi
41%
800,000JavaBogor
41%
746,716JavaMalang
41%
1,372,717JavaTangerang
36%
700,000BorneoBalikpapan
36%
840,352SumatraPedang
32%
1,198,129JavaDepok
32%
1,303,569JavaSouth Tangerang
27%
703,956SumatraPekanbaru
27%
800,348SumatraBandar Lampung
23%

Score Distribution

Percentile by Number Answered

Percent of People with Each Score

Your Score History

You have not taken this quiz